=LDR 00000nam 2200000 4500 =001 INLIS000000000032749 =005 20130612134737 =008 ***********************************ind** =035 ##$$a0010-061300000032749 =041 ##$$a ind =082 ##$$a 959.8 =090 ##$$a 959.8, Mat p =100 ##$$a Matanasi,Patrik =245 ##$$a Peristiwa Andi Azis, Kemelut Mantan KNIH di Sulawesi Selatan Pasca Pengembangan Kedaulatan, Patrik Matanasi =260 ##$$a 2009 $b Yogyakarta =300 ##$$a iii,194 hlm., 21 cm =650 ##$$a Sejarah Indonesia =850 ##$$a NBPNMAT =990 ##$$a 21196220/BPAP-NTB/2014 =990 ##$$a 21196220/BPAP-NTB/2014